000
00273nam a2200097 a 4500
005
20200930070456.0
008
110907s1778 000 spa d
245
3
_a
El sueƱo de Luciano samosatense, que es la vida de Luciano....
260
_a
Madrid,
_c
1778.
999
_c
33220
_d
33220
040
_a
DO-SdBNP